000 00335nam a2200133Ia 4500
005 20260326235501.0
008 260326s9999||||xx |||||||||||||| ||und||
100 _aFlinchum, Russell
245 0 _aAmerican Design /
_cRussell Flinchum
260 _bMuseum of Modern Art
300 _a159 p.
650 _aDISEÑO INDUSTRIAL
942 _cBK
999 _c8072
_d8072